<?xml version="1.0" encoding="UTF-8"?>
<record
    xmlns:xsi="http://www.w3.org/2001/XMLSchema-instance"
    xsi:schemaLocation="http://www.loc.gov/MARC21/slim http://www.loc.gov/standards/marcxml/schema/MARC21slim.xsd"
    xmlns="http://www.loc.gov/MARC21/slim">

  <leader>02266agaaa2200349   4500</leader>
  <controlfield tag="001">4816</controlfield>
  <controlfield tag="003">IT-RoPAU</controlfield>
  <controlfield tag="005">20220918181246.0</controlfield>
  <controlfield tag="007">d cvaizq</controlfield>
  <controlfield tag="008">50131s9999||||xx ||| |     ||   ||und||</controlfield>
  <datafield tag="040" ind1=" " ind2=" ">
    <subfield code="a">IT-RoPAU</subfield>
    <subfield code="c">IT-RoPAU</subfield>
  </datafield>
  <datafield tag="041" ind1=" " ind2=" ">
    <subfield code="a">ITALIANO</subfield>
  </datafield>
  <datafield tag="100" ind1=" " ind2=" ">
    <subfield code="a">Tarantino Quentin</subfield>
    <subfield code="g">Codice regista SPICS: 42150</subfield>
    <subfield code="9">47110</subfield>
  </datafield>
  <datafield tag="130" ind1=" " ind2=" ">
    <subfield code="a">PULP FICTION</subfield>
    <subfield code="9">47111</subfield>
  </datafield>
  <datafield tag="240" ind1=" " ind2=" ">
    <subfield code="a">PULP FICTION</subfield>
    <subfield code="g">T2932</subfield>
  </datafield>
  <datafield tag="245" ind1=" " ind2=" ">
    <subfield code="a">PULP FICTION</subfield>
    <subfield code="c">Prodotto da: Bender Lawrence -- Sceneggiatura: Tarantino Quentin -- Diretto da: Tarantino Quentin</subfield>
    <subfield code="p">PULP FICTION (Rif. Codice opera principale : H4816)</subfield>
  </datafield>
  <datafield tag="246" ind1=" " ind2=" ">
    <subfield code="a">PULP FICTION</subfield>
  </datafield>
  <datafield tag="250" ind1=" " ind2=" ">
    <subfield code="a">Edizione Standard</subfield>
  </datafield>
  <datafield tag="260" ind1=" " ind2=" ">
    <subfield code="a">(USA)</subfield>
    <subfield code="b">BAND APART - JERSEY FILMS / Distribuzione: MESSAGGERIE LAZIALI</subfield>
    <subfield code="g">"2003 (1&#xB0; ed.: 2003 ; Ed. Lingua Orig.: 1994)"</subfield>
  </datafield>
  <datafield tag="300" ind1=" " ind2=" ">
    <subfield code="a">DVD</subfield>
    <subfield code="b">sonoro, col.</subfield>
    <subfield code="c">147 minuti</subfield>
  </datafield>
  <datafield tag="508" ind1=" " ind2=" ">
    <subfield code="a">"Fotografia: Sekula Andrzej; Montaggio: Menke Sally; Musica: Rachtman Karyn; Sceneggiatura: Tarantino Quentin; Scenografia: Wasco Sandy; Soggetto: Tarantino Quentin -- Avary Roger"</subfield>
  </datafield>
  <datafield tag="511" ind1=" " ind2=" ">
    <subfield code="a">"Travola John; Jackson Samuel; Thurman Uma; Keitel Harvey; Roth Tim; Plummer Amanda"</subfield>
  </datafield>
  <datafield tag="520" ind1=" " ind2=" ">
    <subfield code="a">"UNA COPPIA DI DELINQUENTI, DUE KILLER ""IN BIANCO E NERO"" CHE SBRIGANO ALLEGRAMENTE LE LORO PRATICHE DI ESATTORI-ESECUTORI, LA MOGLIE DI UN BOSS ALLE PRESE CON LA NOIA E LA COCAINA, UN PUGILE CHE DEVE LASCIARE IN FRETTA E FURIA LA CITTA' MA CHE DEVE PRIMA RECUPERARE L'OROLOGIO REGALATOGLI DAL PADRE..STORIE E PERSONAGGI CHE INCROCIANO LE LORO ESISTENZE IN UN FILM CHE E' GIA' DIVENTATO UN CLASSICO DELLA STORIA DEL CINEMA E ANCHE UN MODELLO CULTURALE DI FINE SECOLO.VINCITORE DELLA PALMA D'ORO AL FESTIVAL DI CANNES E OSCAR PER LA MIGLIORE SCENEGGIATURA ORIGINALE.CONTRIBUTI EXTRA: BIOGRAFIE E FILMOGRAFIE DEL REGISTA E DEGLI ATTORI PRINCIPALI."</subfield>
  </datafield>
  <datafield tag="538" ind1=" " ind2=" ">
    <subfield code="a">PAL, STEREO</subfield>
  </datafield>
  <datafield tag="546" ind1=" " ind2=" ">
    <subfield code="a">ITALIANO</subfield>
  </datafield>
  <datafield tag="650" ind1=" " ind2=" ">
    <subfield code="a">DRAMMATICO</subfield>
    <subfield code="e">DVD-FILM [DVD]</subfield>
    <subfield code="x">Codice MATERIA SPICS: 9947</subfield>
    <subfield code="9">47112</subfield>
  </datafield>
  <datafield tag="700" ind1=" " ind2=" ">
    <subfield code="a">Avary Roger </subfield>
    <subfield code="e">(soggetto)</subfield>
    <subfield code="g">Codice Soggetto 2&#xB0; SPICS: 44714</subfield>
    <subfield code="9">47113</subfield>
  </datafield>
  <datafield tag="700" ind1=" " ind2=" ">
    <subfield code="a">Rachtman Karyn</subfield>
    <subfield code="e">(musica)</subfield>
    <subfield code="g">Codice Musica SPICS: 57851</subfield>
    <subfield code="9">47114</subfield>
  </datafield>
  <datafield tag="700" ind1=" " ind2=" ">
    <subfield code="a">Tarantino Quentin </subfield>
    <subfield code="e">(regista)</subfield>
    <subfield code="g">Codice regista SPICS: 42150</subfield>
    <subfield code="9">47115</subfield>
  </datafield>
  <datafield tag="700" ind1=" " ind2=" ">
    <subfield code="a">Tarantino Quentin </subfield>
    <subfield code="e">(soggetto)</subfield>
    <subfield code="g">Codice Soggetto SPICS: 42150</subfield>
    <subfield code="9">47116</subfield>
  </datafield>
  <datafield tag="942" ind1=" " ind2=" ">
    <subfield code="c">DV</subfield>
    <subfield code="2">ddc</subfield>
  </datafield>
  <datafield tag="999" ind1=" " ind2=" ">
    <subfield code="c">106481</subfield>
    <subfield code="d">106481</subfield>
  </datafield>
  <datafield tag="952" ind1=" " ind2=" ">
    <subfield code="0">0</subfield>
    <subfield code="1">0</subfield>
    <subfield code="4">0</subfield>
    <subfield code="6">H_4816_000000000000000</subfield>
    <subfield code="7">1</subfield>
    <subfield code="a">SPICS</subfield>
    <subfield code="b">SPICS</subfield>
    <subfield code="d">2015-01-31</subfield>
    <subfield code="l">0</subfield>
    <subfield code="o">H4816</subfield>
    <subfield code="r">2015-01-31 00:00:00</subfield>
    <subfield code="w">2015-01-31</subfield>
    <subfield code="y">DV</subfield>
    <subfield code="z">Progr. Ins.: 3175 / N.Vol.:1 / Copie: 1 / Pag.:0 / Copia rara: n.d. / date import: 1.2.2015 / By Epidotti, Trombetti, Vaglietti</subfield>
  </datafield>
</record>
